| 000 | 00772nam a2200241 i 4500 | ||
|---|---|---|---|
| 001 | 102321 | ||
| 003 | ES-MaACL | ||
| 005 | 20250809063512.0 | ||
| 007 | t| | ||
| 008 | 160301s1997 sp ||||1| spa d | ||
| 020 | _a84-7651-457-3 | ||
| 080 | _a111 | ||
| 100 | 1 |
_aGuénon, René, _d1886-1951 _960441 |
|
| 245 | 1 | 3 |
_aLa metafísica oriental / _cRené Guénon ; traducción de Victoria Argimón. |
| 260 |
_aPalma de Mallorca : _bJosé J. de Olañeta, _cD.L. 1997. |
||
| 300 |
_a47 p. ; _c22 cm. |
||
| 490 | 1 |
_aSophia perennis ; _v16 |
|
| 650 | 7 |
_aMetafísica _2embne _915012 |
|
| 700 | 0 |
_aArgimón, Victoria. _922702 |
|
| 830 | 0 |
_aSophia perennis ; _v16 _9188643 |
|
| 852 |
_aES-MaACL _jL-30255 _z.- Donat. Miguel A. Velasco |
||
| 999 |
_c102321 _d102321 |
||